NBA Leading Scorer Every Year by Letter - B - Statistics

General Stats
  • This quiz has been taken 85 times
  • The average score is 52 of 76
Answer Stats
Year PPG Team Player % Correct
1999 19.9 Los Angeles Lakers Kobe Bryant
98%
2000 22.5 Los Angeles Lakers Kobe Bryant
98%
2001 28.5 Los Angeles Lakers Kobe Bryant
98%
2002 25.2 Los Angeles Lakers Kobe Bryant
98%
2003 30.0 Los Angeles Lakers Kobe Bryant
98%
2004 24.0 Los Angeles Lakers Kobe Bryant
98%
2005 27.6 Los Angeles Lakers Kobe Bryant
98%
2006 35.4 Los Angeles Lakers Kobe Bryant
98%
2007 31.6 Los Angeles Lakers Kobe Bryant
98%
2008 28.3 Los Angeles Lakers Kobe Bryant
98%
2009 26.8 Los Angeles Lakers Kobe Bryant
98%
2010 27.0 Los Angeles Lakers Kobe Bryant
98%
2011 25.3 Los Angeles Lakers Kobe Bryant
98%
2012 27.9 Los Angeles Lakers Kobe Bryant
98%
2013 27.3 Los Angeles Lakers Kobe Bryant
98%
1982 22.9 Boston Celtics Larry Bird
97%
1983 23.6 Boston Celtics Larry Bird
97%
1984 24.2 Boston Celtics Larry Bird
97%
1985 28.7 Boston Celtics Larry Bird
97%
1986 25.8 Boston Celtics Larry Bird
97%
1987 28.1 Boston Celtics Larry Bird
97%
1988 29.9 Boston Celtics Larry Bird
97%
2020 30.5 Washington Wizards Bradley Beal
93%
2021 31.3 Washington Wizards Bradley Beal
93%
2018 24.9 Phoenix Suns Devin Booker
93%
2019 26.6 Phoenix Suns Devin Booker
93%
2022 26.8 Phoenix Suns Devin Booker
93%
2023 27.8 Phoenix Suns Devin Booker
93%
2024 28.7 New York Knicks Jalen Brunson
93%
2025 26.0 New York Knicks Jalen Brunson
93%
1989 25.8 Philadelphia 76ers Charles Barkley
87%
1990 25.2 Philadelphia 76ers Charles Barkley
87%
1991 27.6 Philadelphia 76ers Charles Barkley
87%
1992 23.1 Philadelphia 76ers Charles Barkley
87%
1993 25.6 Phoenix Suns Charles Barkley
87%
1994 21.6 Phoenix Suns Charles Barkley
87%
1995 23.0 Phoenix Suns Charles Barkley
87%
1996 23.2 Phoenix Suns Charles Barkley
87%
1966 25.7 San Francisco Warriors Rick Barry
80%
1967 35.6 San Francisco Warriors Rick Barry
80%
1974 25.1 Golden State Warriors Rick Barry
80%
1975 30.6 Golden State Warriors Rick Barry
80%
1978 23.1 Golden State Warriors Rick Barry
80%
1959 24.9 Minneapolis Lakers Elgin Baylor
75%
1960 29.6 Minneapolis Lakers Elgin Baylor
75%
1961 34.8 Los Angeles Lakers Elgin Baylor
75%
1962 38.3 Los Angeles Lakers Elgin Baylor
75%
1963 34.0 Los Angeles Lakers Elgin Baylor
75%
1965 27.1 Los Angeles Lakers Elgin Baylor
75%
1969 24.8 Los Angeles Lakers Elgin Baylor
75%
1970 24.0 Los Angeles Lakers Elgin Baylor
75%
2016 20.9 Chicago Bulls Jimmy Butler
72%
2017 23.9 Chicago Bulls Jimmy Butler
72%
1968 27.1 Detroit Pistons Dave Bing
43%
1971 27.0 Detroit Pistons Dave Bing
43%
1972 22.6 Detroit Pistons Dave Bing
43%
1973 22.4 Detroit Pistons Dave Bing
43%
1976 23.1 Seattle Supersonics Fred Brown
33%
2014 17.7 Phoenix Suns Eric Bledsoe
31%
2015 17.0 Phoenix Suns Eric Bledsoe
31%
1997 21.0 Milwaukee Bucks Vin Baker
31%
1998 19.2 Seattle Supersonics Vin Baker
31%
1964 27.0 Baltimore Bullets Walt Bellamy
21%
1979 21.7 Kansas City Kings Otis Birdsong
15%
1980 22.7 Kansas City Kings Otis Birdsong
15%
1981 24.6 Kansas City Kings Otis Birdsong
15%
1953 14.0 New York Knicks Carl Braun
10%
1954 14.8 New York Knicks Carl Braun
10%
1955 15.1 New York Knicks Carl Braun
10%
1956 15.4 New York Knicks Carl Braun
10%
1957 13.9 New York Knicks Carl Braun
10%
1958 16.5 New York Knicks Carl Braun
10%
1951 16.8 Indianapolis Olympians Ralph Beard
5%
1977 22.2 Kansas City Kings Ron Boone
5%
1950 17.8 Anderson Packers Frankie Brian
3%
1952 15.9 Fort Wayne Pistons Frankie Brian
3%
No matching quizzes found
Score Distribution
Percent of People with Each Score
Percentile by Number Answered
Your Score History
You have not taken this quiz